| 000 | 01237nam a22002297a 4500 | ||
|---|---|---|---|
| 005 | 20250425085535.0 | ||
| 008 | 130821s1998 xxu gr eng | ||
| 020 | _a1880323818 | ||
| 040 |
_aCo-BoUCM _bspa _cDavid Moreno (modificó) _dDavid Moreno (modificó) |
||
| 041 | 0 | 0 | _aeng |
| 245 | 0 | 0 | _aPolitics, leadership, and justice |
| 260 |
_aChicago (Illinois, estados Unidos) _bGreat Books Foundation _cc1998 |
||
| 300 | _axiii, 454 páginas | ||
| 490 | 4 | _aThe Great Books Foundation 50th anniversary series | |
| 505 | 0 | _aSecond inaugural address / Abraham Lincoln -- Letter from Birmingham jail / Martin Luther King, Jr. -- Sorrow-acre / Isak Dinesen -- Kongi's harvest / Wole Soyinka -- The Melian dialogue / Thucydides -- Julius Caesar / William Shakespeare -- Longing / Amos Oz -- Poetry / Lao-tzu -- Questions for Age of iron / J.M. Coetzee -- Questions for Paradise of the blind / Duong Thu Huong. | |
| 650 | 0 | 4 |
_aLectura colectiva _918309 _xIngles |
| 650 | 0 | 4 |
_aLiteratura _918599 _xReceptividad critica en lectores |
| 650 | 0 | 4 |
_aLiteratura _918599 _xComprensión lectora y escritura |
| 710 | 2 |
_aGreat Books Foundation (U.S.) _9153137 |
|
| 942 |
_cLIBRO _a18 _e1 _mP769 _2DEWEY _h808.8 _n0 |
||
| 999 |
_c91294 _d91294 |
||